| 000 | 01121nam a2200229Ia 4500 | ||
|---|---|---|---|
| 003 | Ost | ||
| 005 | 20260507075434.0 | ||
| 008 | 260507s9999||||xx |||||||||||||| ||und|| | ||
| 040 | _cfsecg | ||
| 041 | _aara | ||
| 082 | _a658 | ||
| 100 |
_aدهمش، نعيم _eمؤلف |
||
| 245 | 0 |
_aمبادئ المحاسبة : _bالاصول العلمية والعملية / _c نعيم دهمش |
|
| 250 | _aطبعة 2 | ||
| 260 |
_aعمان: _bدار وائل, _c2002 |
||
| 300 |
_a356 صفحة؛ _bإيضاحات ؛ _c23 سم |
||
| 504 | _aببليوغرافيا: ص329-331 | ||
| 520 | _aيضم التسويات ومبدأ المقابلة، المدينون وأوراق القبض قصيرة الأجل، الاستثمارات المالية المؤقتة بالاسهم والسندات، المخزون، الاصول الثابثة ، الالتزامات وأوراق الدفع قصيرة الأجل، قائمة التدفقات النقدية، تحليل القوائم المالية، القيمة الزمنية للنقود | ||
| 653 | _aالمحاسبة | ||
| 653 | _aالنقود | ||
| 942 | _cكتاب | ||
| 999 |
_c44532 _d44532 |
||